000 01151nam a2200205Ia 4500
999 _c37527
_d37527
001 3491
003 GE_BSU
005 20190619201354.0
008 181216s2008||||ge |||||||||||||| ||geo||
040 _cGE_BSU
041 _ageo
080 _a373.1 მ–36
245 _aმასწავლებელთა საჭირო და მოსალოდნელი რაოდენობის შესახებ კვლევა /
_cმასწავლებელთა პროფესიული განვითარების ცენტრი სოციალური კვლევისა და ანალიზის ინ–ტი.
264 _aთბილისი,
_c2008.
300 _a144 გვ.;
_b29 სმ.
653 _aპედაგოგიკა
653 _aმასწავლებელთა კვლევა
710 _aმასწავლებელთა პროფესიული განვითარების ცენტრი სოციალური კვლევისა და ანალიზის ინ–ტი
_92634
942 _cBK
_2udc